| 000 | 00554nam a2200157 a 4500 | ||
|---|---|---|---|
| 008 | 120416s0000 ||||||||||||||||| || u | ||
| 020 | _a0340234253 | ||
| 050 | _aTK 7870 Bas | ||
| 245 | 1 | 0 | _aBasic electronics book 1 |
| 246 | _aA, introducing electronics | ||
| 246 | _aB, measuring instruments | ||
| 260 |
_aLondon _bHodder and Stroughton _c1976 |
||
| 300 | _a[vi],184p. : ill. | ||
| 350 | _a0.00 | ||
| 995 |
_D0.00 _FCBU-MAIN LIBRARY (Kitwe) _H1 _I8.95 _UAVAILABLE _ZMain Library Open Access Collection |
||
| 999 |
_c35537 _d35537 |
||